000 00588nam a2200181Ia 4500
005 20250508155542.0
008 008 250505s9999 xx 000 0 eng d
037 _aTextual
040 _aFEDL
_beng
_cFEDL
041 _aeng
_2eng
084 _a371.27, NCE
_qFEDL
245 0 _aReport of the science talent search examination 1964
260 _aNew Delhi, India
_bNational Council of Educational Research and Training
_c1964
300 _aix,165p.
650 _aEducational - Tests and Measurements
_9758953
942 _cTEXL
_h371.27, NCE
999 _c1357684
_d1357684